[Event "Tourn. n9014"]
[Site "www.chess-mail.com"]
[Date "2016.12.12"]
[Round "1"]
[White "Aalekhine"]
[Black "Nulladies"]
[WhiteElo "1869"]
[BlackElo "1810"]
[Result "1/2-1/2"]
[Round "1"]
1.d4 Ng8f6
2.c4 e6
3.Nb1c3 c5
4.Ng1f3 Nb8c6
5.d5 exd5
6.cxd5 Nc6e7
7.e4 d6
8.Bf1b5 Nf6d7
9.O-O a6
10.Bb5e2 Ne7g6
11.a4 Bf8e7
12.Bc1e3 O-O
13.a5 b6
14.axb6 Qd8xb6
15.Qd1c1 Nd7e5
16.Nf3xe5 Ng6xe5
17.f4 Ne5g6
18.h3 a5
19.Nc3a4 Qb6d8
20.Be2c4 Bc8d7
21.b3 f5
22.exf5 Ng6h4
23.g4 Nh4xf5
24.gxf5 Bd7xf5
25.Kh2 Be7f6
26.Na4c3 Rf8e8
27.Be3d2 Re8e7
28.Rf1e1 Bf6h4
29.Re1xe7 Qd8xe7
30.Bc4f1 Bh4f2
31.Bf1g2 Bf2d4
32.Qc1d1 Ra8b8
33.Ra1xa5 Qe7f6
34.Nc3e4 Qf6d8
35.Ne4g3 Qd8d7
36.Ng3xf5 Qd7xf5
37.Bg2f3 Qf5d3
38.b4 Bd4c3
39.Bd2xc3 Qd3xc3
40.Ra5a6 Qc3f6
41.bxc5 Qf6xf4
42.Kg1 Qf4e3
43.Kh1 Qe3xc5
44.Ra6c6 Qc5a3
45.Rc6c1 { draw }
1/2-1/2

[Event "Tourn. n9051"]
[Site "www.chess-mail.com"]
[Date "2016.12.12"]
[Round "1"]
[White "Panham"]
[Black "Hundegana"]
[WhiteElo "2200"]
[BlackElo "2000"]
[Result "0-1"]
[Round "1"]
1.e4 c5
2.c3 e5
3.d4 cxd4
4.cxd4 exd4
5.Qd1xd4 Nb8c6
6.Qd4d1 Ng8f6
7.Qd1c2 Qd8e7
8.Nb1c3 g6
9.Ng1f3 Bf8g7
10.Bf1e2 O-O
11.O-O a6
12.Bc1g5 h6
13.Nc3d5 Qe7d8
14.Bg5h4 g5
15.Bh4g3 Nf6xd5
16.exd5 Nc6a7
17.Rf1e1 d6
18.Be2d3 Na7b5
19.Ra1d1 f5
20.h3 Bc8d7
21.Rd1d2 Ra8c8
22.Qc2d1 f4
23.Bg3h2 Nb5d4
24.Nf3xd4 Bg7xd4
25.Bd3b1 Bd4g7
26.Rd2e2 Rf8e8
27.Qd1d3 Re8xe2
28.Qd3h7 Kf8
29.Re1xe2 Rc8c1
{ resign }
0-1

[Event "Match"]
[Site "www.echecsemail.com"]
[Date "2016.12.12"]
[Round "1"]
[White "Markos123"]
[Black "Menace"]
[WhiteElo "1850"]
[BlackElo "2280"]
[Result "0-1"]
[Round "1"]
1.e4 d5
2.d3 dxe4
3.Nb1c3 Ng8f6
4.Bc1f4 Nb8c6
5.Bf1e2 Bc8f5
6.g4 Bf5g6
7.Qd1c1 e5
8.Bf4g5 Bf8b4
9.a3 Bb4a5
10.b4 Ba5b6
11.Bg5xf6 Qd8xf6
12.dxe4 Qf6xf2
13.Kd2 Ra8d8
14.Nc3d5 Bg6xe4
15.Qc1f1 Rd8xd5
 { time }
0-1

[Event "Match"]
[Site "www.echecsemail.com"]
[Date "2016.12.12"]
[Round "1"]
[White "000"]
[Black "Plot"]
[WhiteElo "1809"]
[BlackElo "1809"]
[Result "1-0"]
[Round "1"]
1.f4 e5
2.fxe5 d6
3.exd6 Bf8xd6
4.Ng1f3 g5
5.d4 g4
6.Nf3e5 Bd6xe5
7.dxe5 Qd8xd1
8.Kxd1 Nb8c6
9.Bc1f4 Ng8e7
10.e3 Ne7d5
11.g3 Bc8e6
12.Bf1b5 Nd5e7
13.Nb1c3 O-O-O
14.Ke2 Rd8d7
15.Ra1d1 Rh8d8
16.Bf4g5 Rd7xd1
17.Nc3xd1 Be6d5
18.Bg5xe7 Bd5xh1
19.Be7xd8 Kxd8
20.Bb5xc6 Bh1xc6
21.Nd1c3 Bc6f3
22.Kd3 { resign }
1-0

[Event "Match"]
[Site "www.echecsemail.com"]
[Date "2016.12.12"]
[Round "1"]
[White "Tonino1"]
[Black "Irene"]
[WhiteElo "2030"]
[BlackElo "2070"]
[Result "0-1"]
[Round "1"]
1.f4 d5
2.d4 e6
3.e3 Qd8h4
4.g3 Qh4h6
5.Ng1f3 Nb8c6
6.c3 Ng8f6
7.Bf1g2 Nc6a5
8.Qd1a4 Na5c6
9.Nf3e5 Bc8d7
10.Ne5xd7 Kxd7
11.O-O a6
12.Nb1a3 Bf8d6
13.Bc1d2 b5
14.Qa4c2 Nf6g4
15.h3 Ng4f6
16.f5 Nf6h5
17.e4 Qh6f6
18.e5 Nc6xe5
19.dxe5 Qf6xe5
20.fxe6 fxe6
21.Qc2d3 Nh5xg3
22.Bd2f4 Ng3e2
23.Kh1 Ne2xf4
24.Qd3g3 Nf4d3
{ resign }
0-1

[Event "Match"]
[Site "www.echecsemail.com"]
[Date "2016.12.12"]
[Round "1"]
[White "Add"]
[Black "Pinehill"]
[WhiteElo "2100"]
[BlackElo "2050"]
[Result "1-0"]
[Round "1"]
1.e4 d5
2.e5 c5
3.h3 Nb8c6
4.Ng1f3 Bc8f5
5.a3 e6
6.d3 Qd8c7
7.Bc1f4 h6
8.Qd1d2 O-O-O
9.Bf1e2 d4
10.c3 Bf8e7
11.c4 g5
12.g4 Bf5g6
13.Bf4g3 Be7f8
14.Be2d1 Bf8g7
15.Qd2e2 Ng8e7
16.b4 b6
17.b5 Nc6a5
18.Nb1d2 Qc7b7
19.Rh1g1 Rh8e8
20.Nd2b3 Na5xb3
21.Bd1xb3 h5
22.Nf3xg5 hxg4
23.hxg4 Ne7g8
24.a4 Ng8h6
25.f3 Qb7c7
26.Kf2 Qc7e7
27.Ng5e4 f5
28.exf6 Bg7xf6
29.Ne4xf6 Qe7xf6
30.Kg2 e5
31.Rg1h1 Nh6xg4
32.Bg3h4 Qf6xh4
33.Rh1xh4 Ng4e3
34.Kf2 Re8g8
35.Ra1g1 Rg8g7
36.Qe2d2 Rd8f8
37.Rh4h3 Kd7
38.Ke1 Ne3f5
39.a5 Nf5e7
40.axb6 axb6
41.Qd2a2 Rf8g8
42.Rh3g3 Ne7f5
43.Rg3g5 Nf5h4
44.Bb3d1 Nh4f5
45.Qa2a7 Kc8
46.Qa7xb6 Nf5e3
47.Rg5xg6 { resign }
1-0

[Event "Match"]
[Site "www.echecsemail.com"]
[Date "2016.12.12"]
[Round "1"]
[White "Nulladies"]
[Black "Geretree"]
[WhiteElo "1810"]
[BlackElo "1890"]
[Result "1-0"]
[Round "1"]
1.d4 Ng8f6
2.Bc1f4 d5
3.Ng1f3 Bc8g4
4.e3 a6
5.h3 Bg4xf3
6.Qd1xf3 e6
7.Bf1d3 Bf8d6
8.Bf4g5 h6
9.Bg5h4 g5
10.Bh4g3 Nb8c6
11.Nb1d2 Nc6b4
12.e4 Nb4xd3
13.Qf3xd3 Bd6xg3
14.fxg3 dxe4
15.Qd3e3 Qd8d5
16.O-O O-O-O
17.Rf1xf6 Qd5xd4
18.Qe3xd4 Rd8xd4
19.Nd2b3 Rd4d7
20.Ra1f1 Rh8h7
21.Rf1e1 Kd8
22.Rf6f1 f5
23.Nb3c5 Rd7d2
24.Re1d1 Rd2xd1
25.Rf1xd1 Kc8
26.Nc5xe6 Rh7h8
27.Ne6g7 Rh8f8
28.Rd1f1 Kd7
29.Ng7xf5 h5
30.Nf5e3 Rf8e8
31.Rf1f7 Kc6
32.Rf7f5 g4
33.Rf5xh5 gxh3
34.Rh5h6 Kc5
35.gxh3 Kd4
36.Kf2 Re8f8
37.Ke2 Rf8f3
38.c3 Ke5
39.g4 Kf4
40.Rh6f6 Kg3
41.Ne3f1 Kxh3
42.g5 Kg2
43.Nf1d2 Rf3g3
44.Nd2xe4 Rg3g4
45.Kd3 Rg4h4
46.g6 Rh4g4
47.Ke3 a5
48.Rf6f2 Kh3
49.Rf2f3 Kh4
50.Rf3f4 Rg4xf4
51.Kxf4 { resign }
1-0

[Event "Match"]
[Site "www.echecsemail.com"]
[Date "2016.12.12"]
[Round "1"]
[White "Cal"]
[Black "Silikon"]
[WhiteElo "1580"]
[BlackElo "1729"]
[Result "1-0"]
[Round "1"]
1.d4 d5
2.h3 Ng8f6
3.Nb1c3 Nb8c6
4.e3 e5
5.dxe5 Nc6xe5
6.Bf1b5 c6
7.Ng1f3 Ne5xf3
8.Qd1xf3 cxb5
9.O-O b4
10.Nc3e2 Bf8d6
{ time. }
1-0

[Event "Match"]
[Site "www.echecsemail.com"]
[Date "2016.12.12"]
[Round "1"]
[White "Coraza"]
[Black "Paco"]
[WhiteElo "1800"]
[BlackElo "1900"]
[Result "1-0"]
[Round "1"]
1.e4 e5
2.Bf1c4 Ng8f6
3.c3 Nf6xe4
4.d3 d5
5.dxe4 dxc4
6.Qd1a4 Nb8c6
7.Qa4xc4 Bc8e6
8.Qc4b5 Qd8c8
9.Ng1f3 Bf8d6
10.O-O O-O
11.Nb1d2 a6
12.Qb5e2 f5
13.b4 fxe4
14.Nd2xe4 Bd6e7
15.Nf3g5 Be6g4
16.f3 Bg4h5
17.Ng5h3 Qc8e6
18.Bc1g5 h6
19.Bg5xe7 Qe6xe7
20.Ne4g3 Bh5g6
21.Qe2c4 Kh8
22.Ra1e1 Bg6f7
23.Qc4g4 Bf7xa2
24.Re1e4 Ba2e6
25.Qg4g6 Rf8f6
26.Qg6h5 Be6f7
{ time. }
1-0

[Event "Match"]
[Site "www.echecsemail.com"]
[Date "2016.12.12"]
[Round "1"]
[White "Billyg"]
[Black "Genius3"]
[WhiteElo "1670"]
[BlackElo "1650"]
[Result "1-0"]
[Round "1"]
1.e4 g6
2.d4 Bf8g7
3.Ng1f3 d6
4.h3 Ng8f6
5.Bf1d3 O-O
6.e5 Nf6d5
7.Bc1d2 dxe5
8.dxe5 Nb8c6
9.Bd3e4 e6
10.O-O Nd5b6
11.Be4xc6 bxc6
12.Nb1c3 Bc8b7
13.Qd1e2 Nb6d5
14.Nc3xd5 cxd5
15.Nf3g5 c5
16.Ra1d1 h6
17.Ng5f3 Qd8b6
18.b3 d4
19.c3 Bb7xf3
20.Qe2xf3 Ra8d8
21.Rf1e1 Rd8d5
22.Bd2f4 Rf8d8
23.c4 Rd5d7
24.Qf3g3 g5
25.Bf4c1 Qb6c7
26.f4 f6
27.exf6 Bg7xf6
28.Re1xe6 Bf6g7
29.Qg3g4 Rd7e7
30.fxg5 hxg5
31.Bc1xg5 Re7xe6
32.Qg4xe6 Kh8
33.Bg5xd8 Qc7xd8
34.Qe6a6 Qd8c7
35.Qa6g6 Qc7f4
36.Kh1 Bg7e5
37.Kg1 Qf4h2
38.Kf1 Qh2f4
39.Ke1 Qf4e3
40.Kf1 Qe3f4
41.Kg1 Qf4h2
42.Kf1 Qh2f4
43.Kg1 Qf4e3
44.Kh1 Qe3f4
45.Qg6h5 Kg8
46.Qh5g4 Qf4xg4
47.hxg4 { resign }
1-0

[Event "1/64 Finale"]
[Site "www.chess-mail.com"]
[Date "2016.12.12"]
[Round "1"]
[White "Attatroll"]
[Black "Osopanda"]
[WhiteElo "1940"]
[BlackElo "1990"]
[Result "1/2-1/2"]
[Round "1"]
1.e4 e5
2.f4 d5
3.exd5 e4
4.Nb1c3 Ng8f6
5.d3 Bf8b4
6.dxe4 O-O
7.Bf1d3 Bc8g4
8.Ng1f3 Nb8d7
9.O-O Rf8e8
10.Rf1e1 Nd7c5
11.e5 Nc5xd3
12.cxd3 Nf6xd5
13.Qd1b3 Bb4c5
14.d4 Bc5b6
15.Qb3xd5 Bg4xf3
16.Qd5xf3 Bb6xd4
17.Kh1 c6
18.Re1d1 c5
19.Bc1e3 Qd8b6
20.Nc3a4 Qb6b4
21.Be3xd4 cxd4
22.Qf3b3 Qb4a5
23.Rd1xd4 b5
24.Na4c5 Qa5b6
25.Qb3b4 a5
26.Qb4c3 Ra8c8
27.Rd4d6 Qb6xc5
28.Qc3xc5 Rc8xc5
29.Ra1d1 Kf8
30.h3 g5
31.g3 gxf4
32.gxf4 Rc5c4
33.Rd1f1 Ke7
34.f5 Rc4e4
35.f6 Kf8
36.Rd6d5 Re4xe5
37.Rf1d1 Re5e1
38.Rd1xe1 Re8xe1
39.Kg2 Re1e2
40.Kg3 Ke8
41.Rd5xb5 Kd7
42.Rb5xa5 Re2xb2
43.Ra5a7 Ke6
44.Ra7a6 Kf5
45.a4 h5
46.a5 Rb2b3
47.Kh4 Kg6
48.Ra6b6 Rb3a3
49.a6 Ra3a4
50.Kg3 h4
51.Kg2 Ra4a3
52.Rb6c6 { draw }
1/2-1/2

[Event "Tourn. n9057"]
[Site "www.chess-mail.com"]
[Date "2016.12.13"]
[Round "1"]
[White "Aperturaf"]
[Black "Orhany24"]
[WhiteElo "2300"]
[BlackElo "2220"]
[Result "1-0"]
[Round "1"]
1.e4 c5
2.Ng1f3 Nb8c6
3.d4 cxd4
4.Nf3xd4 e6
5.Nb1c3 d5
6.Bf1b5 Bc8d7
7.exd5 exd5
8.Nc3xd5 Nc6xd4
9.Qd1xd4 Bd7xb5
10.Qd4e5 Bf8e7
11.Nd5c7 Kf8
12.Nc7xb5 Ng8f6
13.Bc1f4 Ra8c8
14.O-O a6
15.Ra1d1 Qd8b6
16.Nb5d6 Be7xd6
17.Rd1xd6 Qb6c7
18.Qe5f5 { resign }
1-0

[Event "Tourn. n9116"]
[Site "www.chess-mail.com"]
[Date "2016.12.13"]
[Round "1"]
[White "Jobeye"]
[Black "Greghghs"]
[WhiteElo "2419"]
[BlackElo "2290"]
[Result "0-1"]
[Round "1"]
1.g4 d5
2.Bf1g2 c6
3.e3 e5
4.e4 Ng8f6
5.exd5 Bc8xg4
6.dxc6 Nb8xc6
7.Bg2xc6 bxc6
8.f3 Bg4e6
9.b3 Bf8c5
10.Bc1b2 Nf6e4
11.Bb2xe5 Qd8h4
12.Ke2 Qh4f2
13.Kd3 Ra8d8
14.Kxe4 Rd8d4
{ resign }
0-1

[Event "Tourn. n9065"]
[Site "www.chess-mail.com"]
[Date "2016.12.13"]
[Round "1"]
[White "Norlavuaram"]
[Black "Orhany24"]
[WhiteElo "2250"]
[BlackElo "2220"]
[Result "0-1"]
[Round "1"]
1.e4 c5
2.Ng1f3 Nb8c6
3.d4 cxd4
4.Nf3xd4 e6
5.Bc1e3 d5
6.exd5 exd5
7.Bf1b5 Bc8d7
8.O-O Ng8f6
9.Nb1d2 Bf8d6
10.Nd2f3 h6
11.Rf1e1 O-O
12.c4 Nc6xd4
13.Nf3xd4 dxc4
14.Bb5xc4 Bd7g4
15.Bc4e2 Bg4xe2
16.Qd1xe2 Qd8a5
17.Qe2f3 Qa5h5
18.Qf3xh5 Nf6xh5
19.Nd4b5 Bd6b4
20.Re1d1 a6
21.Nb5c7 Ra8c8
22.Nc7d5 Bb4d6
23.Ra1c1 f5
24.Nd5b6 Rc8xc1
25.Be3xc1 Bd6f4
26.g3 Bf4xc1
27.Rd1xc1 Nh5f6
28.Nb6a4 b5
29.Na4c3 Rf8d8
30.Rc1d1 Rd8xd1
31.Nc3xd1 g5
32.Kf1 Kf7
33.Ke2 Ke6
34.f3 Kd5
35.Kd3 Nf6d7
36.Nd1e3 Ke5
37.Ne3c2 a5
38.Nc2d4 Nd7c5
39.Kc3 Nc5a4
40.Kd3 Na4c5
41.Ke3 f4
{ resign }
0-1

[Event "Tourn. n9116"]
[Site "www.chess-mail.com"]
[Date "2016.12.13"]
[Round "1"]
[White "Jobeye"]
[Black "Jazzy"]
[WhiteElo "2419"]
[BlackElo "2360"]
[Result "0-1"]
[Round "1"]
1.g4 e5
2.Bf1g2 Ng8e7
3.c4 Nb8c6
4.e3 d6
5.Nb1c3 Ne7g6
6.Bg2d5 Bf8e7
7.Qd1f3 O-O
8.Bd5xc6 bxc6
9.Ng1e2 Ng6h4
10.Qf3xc6 Bc8xg4
11.Rh1g1 Nh4f3
12.Kf1 Nf3xg1
13.Ne2xg1 Qd8d7
14.Qc6xd7 Bg4xd7
15.b3 f5
16.d4 f4
17.dxe5 dxe5
18.exf4 exf4
19.Nc3d5 Be7d6
20.b4 c6
21.Nd5c3 Bd6xb4
22.Nc3e4 Bd7e6
23.c5 Be6c4
24.Kg2 Bc4d5
25.f3 Bd5xe4
26.fxe4 Bb4xc5
27.Ng1h3 f3
28.Kf1 Ra8d8
29.Nh3g5 Rd8d1

0-1

[Event "Tourn. n9036"]
[Site "www.chess-mail.com"]
[Date "2016.12.13"]
[Round "1"]
[White "Traub"]
[Black "Vinvangogh"]
[WhiteElo "1310"]
[BlackElo "1310"]
[Result "1-0"]
[Round "1"]
1.e4 e5
2.Ng1f3 Nb8c6
3.Bf1b5 Ra8b8
4.O-O Bf8c5
5.Bb5xc6 dxc6
6.c3 Bc8g4
7.h3 Bc5xf2
{ time. }
1-0

[Event "Tourn. n9103"]
[Site "www.chess-mail.com"]
[Date "2016.12.13"]
[Round "1"]
[White "Jobeye"]
[Black "Norlavuaram"]
[WhiteElo "2149"]
[BlackElo "2170"]
[Result "0-1"]
[Round "1"]
1.d4 Ng8f6
2.c4 e6
3.g3 c5
4.Ng1f3 d5
5.Bc1f4 Nb8c6
6.e3 Bf8e7
7.Nb1c3 cxd4
8.exd4 O-O
9.Bf1d3 a6
10.Qd1c2 Nc6b4
11.Qc2b1 Nb4xd3
12.Qb1xd3 dxc4
13.Qd3xc4 Bc8d7
14.Nf3e5 Ra8c8
15.Qc4b3 b5
16.Ne5xd7 Qd8xd7
17.Ra1d1 Nf6d5
18.O-O Nd5xf4
19.gxf4 Qd7c7
20.Nc3e2 Be7d6
21.d5 exd5
22.Rd1c1 Qc7b8
23.Rc1xc8 Rf8xc8
24.Qb3xd5 Bd6xf4
25.Ne2xf4 Qb8xf4
26.Qd5b7 Qf4g4
27.Kh1 g6
28.Rf1g1 Qg4e6
29.Rg1g3 Rc8c6
30.Qb7b8 Kg7
31.Rg3e3 Qe6d5
32.f3 Rc6c1
33.Kg2 Qd5d2
34.Re3e2 Qd2xe2
35.Kg3 Rc1g1
36.Kh4 Qe2f2
37.Kh3 Qf2g2
38.Kh4 g5
{ resign }
0-1

[Event "Tourn. n9103"]
[Site "www.chess-mail.com"]
[Date "2016.12.13"]
[Round "1"]
[White "Bojan"]
[Black "Jobeye"]
[WhiteElo "2000"]
[BlackElo "2149"]
[Result "1-0"]
[Round "1"]
1.e4 e6
2.d4 g6
3.f4 Ng8f6
4.Bf1d3 d6
5.g4 e5
6.g5 Bc8g4
7.Qd1d2 Nf6h5
8.dxe5 dxe5
9.fxe5 Bf8c5
10.Bd3b5 Nb8c6
11.Bb5xc6 bxc6
12.Ng1e2 Bg4f3
13.Rh1f1 Bf3g2
14.Qd2c3 Qd8e7
15.Rf1f2 Bc5b4
16.Rf2xg2 Bb4xc3
17.Nb1xc3 Qe7xe5
18.Bc1e3 O-O
19.O-O-O Nh5g7
20.Be3f4 Qe5e7
21.h4 Ng7e6
22.Bf4e3 Rf8d8
23.Rd1f1 a6
24.Ne2g3 c5
25.h5 Ne6xg5
26.hxg6 fxg6
27.Ng3f5 Qe7f8
28.Rg2xg5 Kh8
29.Nf5g3 Qf8d6
30.Be3f4 Qd6e7
31.Nc3d5 Qe7d7
32.Bf4e5 Kg8
33.Nd5f6 Kg7
34.Nf6xd7 Kh6
35.Be5f6 { resign }
1-0

[Event "Tourn. n9011"]
[Site "www.chess-mail.com"]
[Date "2016.12.13"]
[Round "1"]
[White "Norlavuaram"]
[Black "Andychesston"]
[WhiteElo "2220"]
[BlackElo "2030"]
[Result "1-0"]
[Round "1"]
1.e4 e5
2.Ng1f3 Nb8c6
3.Bf1b5 d6
4.O-O Bc8g4
5.c3 Ng8f6
6.d3 Bf8e7
7.Nb1d2 O-O
8.h3 Bg4h5
9.Rf1e1 a6
10.Bb5a4 b5
11.Ba4b3 Nc6a5
12.Bb3c2 Kh8
13.Nd2f1 Nf6g8
14.g4 Bh5g6
15.Nf1g3 d5
16.Nf3xe5 Be7d6
17.Ne5xg6 fxg6
18.Kg2 Qd8f6
19.Re1f1 c6
20.f4 Qf6e6
21.e5 Bd6c7
22.d4 Rf8f7
23.f5 gxf5
24.Bc2xf5 Qe6e7
25.Qd1c2 g6
26.Bf5d3 Ra8f8
27.Bc1e3 Na5c4
28.Be3c1 Rf7xf1
29.Ng3xf1 Qe7h4
30.Bd3xc4 bxc4
31.Bc1e3 Ng8e7
32.Nf1g3 c5
33.Qc2d2 Ne7f5
34.gxf5 Qh4e7
35.Ra1f1 cxd4
36.Be3xd4 gxf5
37.Rf1xf5 Rf8xf5
38.Ng3xf5 Qe7e6
39.Qd2g5 h6
40.Qg5g7 
1-0

[Event "Tourn. n9104"]
[Site "www.chess-mail.com"]
[Date "2016.12.13"]
[Round "1"]
[White "Jobeye"]
[Black "Greghghs"]
[WhiteElo "2269"]
[BlackElo "2300"]
[Result "0-1"]
[Round "1"]
1.Ng1f3 Ng8f6
2.c4 g6
3.d4 Bf8g7
4.Bc1f4 O-O
5.Nb1c3 d6
6.e4 Nb8d7
7.Ra1c1 c5
8.d5 Qd8b6
9.Nc3a4 Qb6c7
10.g3 Nf6xe4
11.Qd1e2 Qc7a5
12.Na4c3 Ne4xc3
13.bxc3 Bg7xc3
14.Nf3d2 Nd7e5
15.Bf4h6 Bc8g4
16.Rc1xc3 Bg4xe2
17.Nd2e4 Be2f3
18.Bh6d2 Bf3xh1
19.Rc3e3 Qa5xa2
{ resign }
0-1

[Event "Tourn. n9102"]
[Site "www.chess-mail.com"]
[Date "2016.12.13"]
[Round "1"]
[White "Madz123456"]
[Black "Azulmarino"]
[WhiteElo "1510"]
[BlackElo "1620"]
[Result "1-0"]
[Round "1"]
1.c4 d5
2.cxd5 Qd8xd5
3.Nb1c3 Qd5f5
4.e4 Qf5f6
5.Nc3d5 Qf6d6
6.d4 Bc8e6
7.Bc1f4 Qd6c6
8.Nd5xc7 Kd8
9.d5 Be6xd5
10.exd5 Qc6c5
11.Qd1d2 Nb8c6
12.dxc6 Kc8
13.Qd2d7 { resign }
1-0

[Event "Tourn. n9089"]
[Site "www.chess-mail.com"]
[Date "2016.12.13"]
[Round "1"]
[White "Madz123456"]
[Black "Winston"]
[WhiteElo "1450"]
[BlackElo "1469"]
[Result "1-0"]
[Round "1"]
1.e4 e6
2.d4 d5
3.Nb1d2 c5
4.Ng1f3 Nb8c6
5.Bf1b5 Ng8e7
6.dxc5 dxe4
7.Nd2xe4 Qd8xd1
8.Kxd1 Bc8d7
9.Ne4d6 Kd8
10.Nd6xf7 { resign }
1-0

[Event "Tourn. n9118"]
[Site "www.chess-mail.com"]
[Date "2016.12.13"]
[Round "1"]
[White "Greghghs"]
[Black "Jobeye"]
[WhiteElo "2310"]
[BlackElo "2400"]
[Result "1-0"]
[Round "1"]
1.d4 e6
2.c4 a5
3.Nb1c3 c6
4.Ng1f3 g6
5.e4 Bf8e7
6.Bf1d3 d6
7.O-O d5
8.exd5 cxd5
9.Rf1e1 dxc4
10.Bd3xc4 Bc8d7
11.d5 exd5
12.Qd1d4 f6
13.Qd4xd5 Bd7c6
14.Qd5f7 Kd7
15.Re1d1 { resign }
1-0

[Event "Tourn. n9107"]
[Site "www.chess-mail.com"]
[Date "2016.12.13"]
[Round "1"]
[White "Jobeye"]
[Black "Norlavuaram"]
[WhiteElo "2149"]
[BlackElo "2170"]
[Result "0-1"]
[Round "1"]
1.b3 Ng8f6
2.e3 g6
3.d4 Bf8g7
4.Bf1d3 O-O
5.Bc1b2 b6
6.Qd1f3 d5
7.h3 Bc8b7
8.Ng1e2 Nb8d7
9.Ne2f4 c5
10.Bd3b5 Ra8c8
11.dxc5 Nd7xc5
12.Nb1d2 d4
13.Qf3e2 e5
14.exd4 exd4
15.O-O-O a6
16.Bb5d3 Rf8e8
17.Qe2f1 Qd8c7
18.Nf4xg6 hxg6
19.f3 Nf6d5
20.Nd2c4 b5
21.Nc4a3 Nd5e3
22.Qf1f2 Ne3xd1
23.Kxd1 Re8e3
24.Bd3e2 Rc8e8
25.Rh1e1 d3
26.Qf2xe3 Re8xe3
27.Kd2 Re3xe2
28.Re1xe2 dxe2
29.Bb2xg7 Kxg7
30.Kxe2 Qc7e5
31.Kf2 Qe5b2
32.Na3xb5 axb5
33.Kg3 Qb2xc2
34.b4 Nc5d3
{ resign }
0-1

[Event "Tourn. n9018"]
[Site "www.chess-mail.com"]
[Date "2016.12.13"]
[Round "1"]
[White "Sachpat"]
[Black "Romaamor69"]
[WhiteElo "2480"]
[BlackElo "2420"]
[Result "1-0"]
[Round "1"]
1.e4 e6
2.d4 d5
3.Nb1c3 dxe4
4.Nc3xe4 Nb8d7
5.Ng1f3 Ng8f6
6.Ne4xf6 Nd7xf6
7.Bf1d3 c5
8.O-O Qd8c7
9.Qd1e2 cxd4
10.Nf3xd4 a6
11.g3 Bf8e7
12.Bc1f4 Qc7b6
13.c3 O-O
14.Rf1d1 Bc8d7
15.a4 a5
16.Bf4e5 Ra8c8
17.Nd4b5 Kh8
18.Rd1d2 Bd7c6
19.Be5d4 Be7c5
20.Nb5d6 Rc8d8
21.Nd6c4 Qb6a7
22.Bd4xf6 gxf6
23.Qe2h5 Rd8xd3
24.Rd2xd3 Bc5xf2
25.Kf1 Bf2g1
26.Rd3d2 Bg1e3
27.Nc4xe3 Qa7xe3
28.Qh5e2 Qe3g5
29.b3 f5
30.Ra1d1 Kg8
31.Rd2d6 h6
32.Ke1 Kh7
33.Qe2d2 Qg5h5
34.Qd2f2 Qh5g5
35.Rd1d2 Rf8c8
36.Kd1 b5
37.axb5 Bc6xb5
38.Qf2a7 Qg5f6
39.c4 Bb5c6
40.Qa7d4 Qf6e7
41.Qd4c3 a4
42.b4 Bc6d5
43.c5 Rc8a8
44.Kc2 a3
45.Kb1 a2
46.Ka1 Ra8c8
47.Rd2d1 Rc8b8
48.Rd1e1 Qe7a7
49.c6 Qa7b6
50.Rd6d7 Kg6
51.c7 Rb8c8
52.Re1c1 { resign }
1-0

[Event "Tourn. n9068"]
[Site "www.chess-mail.com"]
[Date "2016.12.13"]
[Round "1"]
[White "Julian"]
[Black "Caspito"]
[WhiteElo "1890"]
[BlackElo "1850"]
[Result "1-0"]
[Round "1"]
1.e4 e5
2.Ng1f3 Nb8c6
3.Bf1b5 a6
4.Bb5a4 b5
5.Ba4b3 Bc8b7
6.c3 Nc6a5
7.Bb3c2 d6
8.d4 Na5c4
9.b3 Nc4a5
10.Bc1b2 Ng8f6
11.Nb1d2 c6
12.O-O Qd8d7
13.a4 Nf6g4
14.h3 Ng4f6
15.axb5 axb5
16.Rf1e1 Nf6h5
17.Nd2f1 Nh5f4
18.Nf1e3 d5
19.exd5 cxd5
20.Nf3xe5 Qd7e7
21.b4 Na5c6
22.Ra1xa8 Bb7xa8
23.Qd1f3 Nc6xe5
24.dxe5 Qe7e6
25.Qf3xf4 Bf8e7
26.Bc2f5 Qe6c6
27.Ne3g4 d4
28.Bf5e4 Qc6a6
29.Re1a1 { resign }
1-0

[Event "Tourn. n8938"]
[Site "www.chess-mail.com"]
[Date "2016.12.13"]
[Round "1"]
[White "Tartan"]
[Black "Numanoid"]
[WhiteElo "2430"]
[BlackElo "2280"]
[Result "1/2-1/2"]
[Round "1"]
1.e4 e6
2.d4 d5
3.Nb1d2 Ng8f6
4.e5 Nf6d7
5.Bf1d3 c5
6.c3 Nb8c6
7.Ng1e2 cxd4
8.cxd4 f6
9.exf6 Nd7xf6
10.Nd2f3 Bf8d6
11.O-O Qd8c7
12.Ne2c3 a6
13.Bc1g5 O-O
14.Bg5h4 Nf6h5
15.Ra1c1 g6
16.Bh4g5 Qc7g7
17.Bg5e3 Bc8d7
18.Nc3a4 Nc6b4
19.Na4b6 Nb4xd3
20.Qd1xd3 Bd7b5
21.Qd3d2 Bb5xf1
22.Nb6xa8 Bf1xg2
23.Be3h6 Bd6f4
24.Bh6xg7 Bf4xd2
25.Nf3xd2 Nh5xg7
26.Na8b6 Bg2h3
27.Nb6d7 Rf8f5
28.Rc1c8 Kf7
29.Nd7e5 Ke7
30.Rc8c7 Kd8
31.Rc7d7 Kc8
32.Rd7xg7 Rf5g5
{ draw }
1/2-1/2

[Event "Tourn. n9039"]
[Site "www.chess-mail.com"]
[Date "2016.12.13"]
[Round "1"]
[White "Fjpv"]
[Black "Conde7"]
[WhiteElo "2680"]
[BlackElo "2880"]
[Result "0-1"]
[Round "1"]
1.e4 c5
2.c3 e6
3.d4 cxd4
4.cxd4 d5
5.e5 Nb8c6
6.Ng1f3 Ng8e7
7.Bf1d3 Ne7f5
8.Bd3xf5 exf5
9.Nb1c3 h6
10.O-O Bc8e6
11.Nf3e1 Qd8b6
12.Bc1e3 Qb6xb2
13.Ra1c1 Qb2b6
14.Ne1d3 Qb6d8
15.Qd1b3 Qd8b6
16.Qb3xb6 axb6
 { time }
0-1

[Event "Tourn. n9005"]
[Site "www.chess-mail.com"]
[Date "2016.12.13"]
[Round "1"]
[White "Numanoid"]
[Black "Sportuga"]
[WhiteElo "2330"]
[BlackElo "2270"]
[Result "0-1"]
[Round "1"]
1.e4 c6
2.d4 d5
3.e5 c5
4.dxc5 e6
5.a3 Bf8xc5
6.b4 Bc5f8
7.Ng1f3 Qd8c7
8.Bc1b2 Nb8d7
9.Nb1d2 Nd7b6
10.Ra1c1 Ng8e7
11.c4 Qc7b8
12.Bf1d3 Bc8d7
13.O-O Ne7g6
14.Rf1e1 Ng6f4
15.Re1e3 Nf4xd3
16.Re3xd3 dxc4
17.Nd2xc4 Bd7a4
18.Nc4xb6 Ba4xd1
19.Nb6xa8 Qb8xa8
20.Rc1xd1 Bf8e7
21.Rd3d7 Qa8c8
22.h3 Qc8xd7
{ resign }
0-1

[Event "Tourn. n9102"]
[Site "www.chess-mail.com"]
[Date "2016.12.13"]
[Round "1"]
[White "Autmich"]
[Black "Madz123456"]
[WhiteElo "1699"]
[BlackElo "1510"]
[Result "0-1"]
[Round "1"]
1.e4 e6
2.d4 d5
3.Nb1c3 Bf8b4
4.e5 Ng8e7
5.a3 Bb4xc3
6.bxc3 c5
7.Ng1f3 Qd8a5
{ resign }
0-1

[Event "Tourn. n9104"]
[Site "www.chess-mail.com"]
[Date "2016.12.13"]
[Round "1"]
[White "Jobeye"]
[Black "Norlavuaram"]
[WhiteElo "2269"]
[BlackElo "2150"]
[Result "0-1"]
[Round "1"]
1.Ng1f3 Ng8f6
2.c4 g6
3.d4 Bf8g7
4.Nb1c3 O-O
5.e3 d6
6.Bf1d3 c5
7.Qd1c2 Nb8c6
8.a3 Bc8g4
9.Nf3h4 cxd4
10.Nc3e2 dxe3
11.Bc1xe3 Ra8c8
12.f3 Bg4d7
13.c5 dxc5
14.Be3xc5 Nc6e5
15.Ra1c1 b6
16.b4 bxc5
17.bxc5 Qd8a5
18.Kd1 Bd7a4
19.Qc2xa4 Qa5xa4
20.Kd2 Ne5xd3
21.Kxd3 Rf8d8
22.Ke3 Qa4xa3
{ resign }
0-1

[Event "Tourn. n9079"]
[Site "www.chess-mail.com"]
[Date "2016.12.13"]
[Round "1"]
[White "Mitja"]
[Black "Norlavuaram"]
[WhiteElo "2000"]
[BlackElo "2270"]
[Result "1/2-1/2"]
[Round "1"]
1.d4 Ng8f6
2.e3 g6
3.h3 Bf8g7
4.Ng1f3 O-O
5.Bf1e2 d5
6.O-O b6
7.c3 Bc8b7
8.b3 Nb8d7
9.Bc1b2 c5
10.dxc5 bxc5
11.Nb1a3 Nf6e4
12.Qd1c2 a6
13.Ra1c1 Ra8c8
14.c4 Bg7xb2
15.Qc2xb2 Ne4f6
16.cxd5 Nf6xd5
17.Na3c4 Nd7f6
18.Rf1d1 Qd8c7
19.Nc4e5 Rf8d8
20.Ne5c4 Nd5b6
21.Rd1xd8 Rc8xd8
22.Rc1d1 Rd8xd1
23.Be2xd1 Nb6xc4
24.bxc4 Qc7d7
25.Bd1e2 Nf6e4
26.Qb2c2 Ne4d6
27.Qc2d3 Qd7a4
28.Qd3b3 Qa4c6
29.Qb3d3 Qc6a4
30.Qd3b3 Qa4a5
31.Qb3c2 Bb7e4
32.Qc2d2 Qa5b6
33.Nf3g5 Be4c6
34.Qd2c2 h6
35.Ng5f3 Bc6e4
36.Qc2b3 Qb6xb3
37.axb3 Be4c2
38.Nf3d2 Nd6b7
39.Be2f3 Nb7a5
40.Bf3e4 Bc2xb3
41.Nd2xb3 Na5xb3
42.Be4c2 Nb3a5
43.Bc2d3 Kf8
44.Kf1 Ke8
45.Ke2 Kd7
46.Kd2 Na5c6
47.Kc3 e5
48.f3 f5
49.h4 Ke6
50.g3 g5
51.hxg5 hxg5
52.Bd3c2 Nc6b4
53.Bc2b3 e4
54.f4 gxf4
55.gxf4 Nb4d3
56.Bb3c2 Nd3f2
57.Kd2 Nf2g4
58.Ke2 Ng4h6
59.Bc2b3 Nh6f7
60.Kd2 Nf7d6
61.Kc3 Kd7
62.Bb3a4 Kc7
63.Ba4b3 Kb6
64.Bb3a2 Ka5
65.Kb3 Kb6
66.Kc3 Nd6b7
67.Ba2b3 Nb7a5
68.Bb3c2 Na5b7
69.Bc2b3 Nb7a5
70.Bb3a2 Na5c6
71.Ba2b3 Nc6e7
72.Bb3c2 Ne7g8
73.Bc2d1 Ng8f6
74.Kb3 Nf6g8
75.Bd1h5 Ng8e7
76.Bh5d1 Ne7g8
77.Bd1h5 Ng8e7
78.Ka4 { draw }
1/2-1/2

[Event "Tourn. n9106"]
[Site "www.chess-mail.com"]
[Date "2016.12.13"]
[Round "1"]
[White "Jobeye"]
[Black "Lachouette"]
[WhiteElo "2359"]
[BlackElo "1670"]
[Result "1-0"]
[Round "1"]
1.e4 c5
2.Ng1f3 Nb8c6
3.d4 Nc6xd4
4.Nf3xd4 cxd4
5.Qd1xd4 e6
6.b3 Ng8f6
7.Bf1d3 b6
8.e5 Nf6d5
9.O-O Bc8b7
10.Bc1b2 Bf8c5
11.Qd4g4 g6
12.a3 Qd8e7
13.c4 Nd5c7
14.b4 Bc5xb4
15.axb4 O-O-O
16.Ra1xa7 Qe7xb4
17.Bb2a3 Qb4b3
18.Bd3e4 Bb7c6
19.Be4xc6 dxc6
20.Ba3d6 Kb8
21.Ra7xc7 Ka8
22.Nb1d2 Qb3a4
23.Qg4e4 Qa4a5
24.Qe4xc6 Kb8
25.Qc6b7 
1-0

[Event "Tourn. n9087"]
[Site "www.chess-mail.com"]
[Date "2016.12.13"]
[Round "1"]
[White "Karousek"]
[Black "Cristiano"]
[WhiteElo "2160"]
[BlackElo "2010"]
[Result "0-1"]
[Round "1"]
1.e4 c5
2.Ng1f3 d6
3.d4 cxd4
4.Nf3xd4 Ng8f6
5.Nb1c3 a6
6.Bc1e3 e6
7.Bf1e2 Bf8e7
8.g4 b5
9.g5 Nf6d7
10.Qd1d2 Bc8b7
11.f3 Nb8c6
12.h4 b4
13.Nc3a4 O-O
14.O-O-O Nc6xd4
15.Be3xd4 Bb7c6
16.b3 Bc6xa4
17.bxa4 Qd8a5
18.Be2c4 Nd7e5
19.Bd4xe5 dxe5
20.Bc4b3 Rf8d8
21.Qd2g2 Qa5b6
22.Kb1 Qb6e3
23.Rd1g1 Rd8d2
24.Qg2g3 Ra8d8
25.h5 Be7xg5
{ resign }
0-1